Losing it

Đã lưu trong:
書目詳細資料
主要作者: Alan Cumyn
格式: 圖書
語言:Undetermined
出版: Canada M & S 2001
主題:
標簽: 添加標簽
沒有標簽, 成為第一個標記此記錄!
Thư viện lưu trữ: Trung tâm Học liệu Trường Đại học Cần Thơ
LEADER 00413nam a2200169Ia 4500
001 CTU_55987
008 210402s9999 xx 000 0 und d
082 |a 813.54 
082 |b C971 
100 |a Alan Cumyn 
245 0 |a Losing it 
245 0 |c Alan Cumyn 
260 |a Canada 
260 |b M & S 
260 |c 2001 
650 |a Canadian - literature 
980 |a Trung tâm Học liệu Trường Đại học Cần Thơ